La EUropeizacin̤ del territorio

Bibliographic Details
Main Author: Lora-Tamayo Vallv,̌ Mara
Format: eBook
Language:Spanish
Published: Madrid: Dykinson, 2014
Subjects:
Online Access:Acceso restringido

MARC

LEADER 00000nam a22000007a 4500
005 20140522202840.0
007 cr|||| ||||
008 140522s2014 es |||||s|||| 00||0 spa d
020 |a 978-84-9031-904-8 
035 |a 12137 
040 |a vLex 
090 |c 4935  |d 4935 
100 1 |a Lora-Tamayo Vallv,̌ Mara 
245 1 3 |a La EUropeizacin̤ del territorio  |h [Recurso electrn̤ico] /  |c Mara Lora-Tamayo Vallv̌ 
256 |a Servicio en ln̕ea 
260 |a Madrid:  |b Dykinson,  |c 2014 
300 |a 1 recurso electrn̤ico 
500 |a La Unin̤ Europea, a pesar de no ostentar como tt̕ulo propio, ni como polt̕ica comn︢ la ordenacin̤ del territorio o el urbanismo ha ido desplegando sus efectos en m̀bitos cada vez ms̀ cercanos a la regulacin̤ de los usos del suelo restando pocas materias en las que su vis atractiva no haya penetrado. Esta obra muestra la necesidad de plantear los modelos urbans̕ticos europeos desde una perspectiva comunitaria. Abordando los principales elementos y parm̀etros condicionantes de una uniformidad disfrazada de aparente diversidad y que podemos calificar como de Europeizacin̤ del territorio. El medio ambiente y el desarrollo sostenible como polt̕ica comn︢ y la influencia del soft law en las legislaciones urbans̕ticas, la concepcin̤ de la gestin̤ integrada del medio ambiente y el control ambiental como con-trol indirecto de los usos y el destino del suelo, la cohesin̤ territorial a travš de la ordenacin̤ del territorio y las infraestructuras, especialmente en el caso de las redes transeuropeas y la directiva de contratos y servicios que conduce hacia una homogeneizacin̤ del concepto de derecho a urbanizar a travš del ordenamiento comunitario y los principios de libre circulacin̤ y libertad de empresa son los elementos que estructuran y condicionan desde la Unin̤ Europea una forma de intervencin̤ sobre la ciudad y que son analizados en esta obra. Marta Lora-Tamayo Vallv ̌es Profesora Titular de derecho administrativo en la UNED. Ha dedicado la mayor parte de su labor investigadora al urbanismo desde una perspectiva histr̤ica y comparada. Su preocupacin̤ por la tensin̤ entre la intervencin̤ administrativa sobre los usos del suelo y el derecho de propiedad, lo pb︢lico y lo privado en el hacer ciudad laten en todas sus obras. Es miembro de la International Academic Assotiation of Planning Law and Property Rights (IAPLPR) en la que participa activamente en sus congresos y debates de los que esta obra se ha enriquecido. 
506 1 |a Disponible solo en los productos indicados  |d vLex Global  |d vLex Global (Academic Edition, excluding Law Schools)  |d vLex Global (U.S. Academic Edition, Law Schools)  |d vLex Global (U.S. Academic Edition, excluding Law Schools)  |d vLex Global (Academic Edition, Law Schools) 
650 0 4 |a Derecho Civil  |z Espaą 
740 0 |a vLex Libros (Servicio en ln̕ea) 
856 0 4 |u http://vlex.com/source/europeizacion-del-territorio-12137  |z Acceso restringido 
942 |c BOOK 
999 0 |a Civil Law